[Event "Wroclaw Radzikowska Blitz op"]
[Site "Wroclaw"]
[Date "2022.11.04"]
[Round "9"]
[White "Kiolbasa, Oliwia"]
[Black "Dwilewicz, Agata"]
[Result "1-0"]
[WhiteElo "2406"]
[BlackElo "1769"]
[PlyCount "63"]
[EventDate "2022.11.04"]
[EventType "swiss (blitz)"]
[EventRounds "11"]
[EventCountry "POL"]
[SourceTitle "EXT 2024"]
[Source "ChessBase"]
[SourceDate "2023.10.10"]
[SourceVersion "1"]
[SourceVersionDate "2023.10.10"]
[SourceQuality "1"]

1. e4 e5 2. Nf3 Nc6 3. Bb5 a6 4. Ba4 Nf6 5. 0-0 Be7 6. Re1 b5 7. Bb3 0-0 8. h3 d6 9. c3 Na5 10. Bc2 c5 11. d4 Qc7 12. d5 Bd7 13. b3 c4 14. b4 Nb7 15. a4 a5 16. axb5 Bxb5 17. Na3 Bd7 18. b5 Rfc8 19. Be3 Be8 20. Rb1 h6 21. Nd2 Nc5 22. Naxc4 Rcb8 23. b6 Qb7 24. Bxc5 dxc5 25. Nxe5 Bd6 26. Ndc4 Bf8 27. Ba4 Bxa4 28. Qxa4 Qa6 29. Nc6 Rb7 30. N6xa5 Nd7 31. Qc6 Nf6 32. Qxb7 1-0

[Event "POL-ch Academic (Women)"]
[Site "Chorzow"]
[Date "2022.04.01"]
[Round "2"]
[White "Sliwicka, Alicja"]
[Black "Dwilewicz, Agata"]
[Result "1-0"]
[WhiteElo "2130"]
[BlackElo "1715"]
[PlyCount "179"]
[EventDate "2022.04.01"]
[EventType "swiss (rapid)"]
[EventRounds "9"]
[EventCountry "POL"]
[SourceTitle "EXT 2024"]
[Source "ChessBase"]
[SourceDate "2023.10.10"]
[SourceVersion "1"]
[SourceVersionDate "2023.10.10"]
[SourceQuality "1"]

1. e4 e5 2. Nf3 Nc6 3. Nc3 Nf6 4. a3 d6 5. d4 exd4 6. Nxd4 Bd7 7. Nxc6 Bxc6 8. Bd3 Be7 9. 0-0 0-0 10. Qe2 Re8 11. Bd2 Qd7 12. Rae1 a6 13. f3 b5 14. Kh1 Rab8 15. Nd1 Bf8 16. Qf2 g6 17. Bc3 Bg7 18. Ne3 Bb7 19. Qh4 Qe7 20. Qf2 c5 21. Qd2 Rbd8 22. b4 c4 23. Be2 Qc7 24. Bd4 Rc8 25. c3 Rcd8 26. Bd1 Qd7 27. a4 Bc6 28. a5 Nh5 29. Bxg7 Kxg7 30. Nf5+ gxf5 31. Qg5+ Kh8 32. Qxh5 f4 33. Qg5 Rg8 34. Qxf4 Qe6 35. Bc2 Rg7 36. e5 dxe5 37. Rxe5 Qd6 38. Qe3 Qf6 39. Re1 Rdg8 40. Rg1 Qh4 41. Be4 Bd7 42. Bd5 Qf6 43. Re4 Qg6 44. Qe2 Bf5 45. Re8 Bd3 46. Rxg8+ Rxg8 47. Qf2 h6 48. f4 Kh7 49. h3 Bf5 50. Kh2 Qf6 51. Qf3 Rd8 52. Be4 Bxe4 53. Qxe4+ Kg8 54. Re1 Rd3 55. Re3 Rxc3 56. Rxc3 Qxc3 57. Qa8+ Kg7 58. Qxa6 Qxb4 59. Qb6 c3 60. Qe3 c2 61. Qe5+ Kg8 62. Qe8+ Kg7 63. Qe5+ Kg8 64. Qe8+ Qf8 65. Qc6 Qb4 66. Qxc2 Qxf4+ 67. Kh1 Qf1+ 68. Kh2 Qf4+ 69. Kg1 Qe3+ 70. Kf1 Qf4+ 71. Ke1 Qe3+ 72. Kd1 Qg1+ 73. Kd2 Qxg2+ 74. Kc1 Qh1+ 75. Kb2 Qxh3 76. a6 Qd7 77. Qf2 Qd6 78. a7 Qb4+ 79. Kc1 Qa3+ 80. Kd1 Qb3+ 81. Ke1 Qc3+ 82. Kf1 Qc1+ 83. Kg2 Qc6+ 84. Qf3 Qc2+ 85. Qf2 Qc6+ 86. Qf3 Qc2+ 87. Kh3 Qc8+ 88. Qg4+ Qxg4+ 89. Kxg4 b4 90. a8Q+ 1-0

[Event "POL-ch rapid"]
[Site "Zgierz"]
[Date "2018.03.04"]
[Round "1"]
[White "Tomczak, Mikolaj"]
[Black "Dwilewicz, Agata"]
[Result "1-0"]
[WhiteElo "2394"]
[BlackElo "1846"]
[PlyCount "93"]
[EventDate "2018.03.04"]
[EventType "swiss (rapid)"]
[EventRounds "9"]
[EventCountry "POL"]
[SourceTitle "CBM 183 Extra"]
[Source "ChessBase"]
[SourceDate "2018.04.19"]
[SourceVersion "1"]
[SourceVersionDate "2018.04.19"]
[SourceQuality "1"]

1. d4 d5 2. c4 e6 3. Nc3 Bb4 4. cxd5 exd5 5. Bf4 Nf6 6. e3 0-0 7. Bd3 Nbd7 8. Nge2 c5 9. 0-0 cxd4 10. exd4 Nb6 11. Be5 Ng4 12. Bg3 Bd6 13. h3 Nf6 14. Be5 Bxe5 15. dxe5 Nfd7 16. f4 Nc5 17. Nd4 Nxd3 18. Qxd3 Qe7 19. Rae1 Bd7 20. f5 Qb4 21. Rf2 Rae8 22. Ree2 Qc4 23. Qe3 f6 24. e6 Qc7 25. Qd2 Bc6 26. b3 Re7 27. a4 a6 28. Re1 Nc8 29. b4 Rd8 30. b5 axb5 31. axb5 Be8 32. Rc1 Qe5 33. Re2 Qg3 34. Ree1 Nb6 35. Nce2 Qd6 36. Qf4 Qa3 37. Rc7 Nc4 38. Rxe7 Qxe7 39. Ra1 Qc5 40. Kh2 Rc8 41. Rc1 Bxb5 42. Nxb5 Qxb5 43. Nd4 Qe8 44. Rb1 b6 45. Ra1 Qe7 46. Nc6 Qd6 47. Qxd6 1-0

[Event "Marianske Lazne op 16th"]
[Site "Marianske Lazne"]
[Date "2017.01.25"]
[Round "6"]
[White "Dwilewicz, Agata"]
[Black "Smietanska, Wiktoria"]
[Result "1-0"]
[WhiteElo "1656"]
[BlackElo "1144"]
[PlyCount "79"]
[EventDate "2017.01.21"]
[EventType "swiss"]
[EventRounds "9"]
[EventCountry "CZE"]
[SourceTitle "CBM 176 Extra"]
[Source "ChessBase"]
[SourceDate "2017.03.02"]
[SourceVersion "1"]
[SourceVersionDate "2017.03.02"]
[SourceQuality "1"]

1. d4 d5 2. Nf3 e6 3. e3 Nf6 4. b3 Be7 5. Bb2 0-0 6. Bd3 b6 7. Ne5 Bb7 8. 0-0 Nbd7 9. Nd2 Rc8 10. f4 Ne4 11. c4 Nxd2 12. Qxd2 Nxe5 13. fxe5 c5 14. Rad1 Qc7 15. cxd5 Bxd5 16. Qc2 h6 17. e4 Bb7 18. d5 Qd7 19. d6 Bg5 20. Qe2 Rfd8 21. Rf3 Rf8 22. a4 f5 23. exf6 Bxf6 24. Bxf6 Rxf6 25. Rxf6 gxf6 26. Qg4+ Kh8 27. Qf4 Kg7 28. Rf1 Rf8 29. Rf3 e5 30. Rg3+ Kh7 31. Qf2 Qxd6 32. Qf5+ Kh8 33. Qg6 Qd4+ 34. Kf1 Qa1+ 35. Ke2 Qb2+ 36. Kf3 Bxe4+ 37. Bxe4 Qc3+ 38. Ke2 Qb2+ 39. Bc2 Qd4 40. Qg7# 1-0

[Event "POL-ch U16 Girls"]
[Site "Szklarska Poreba"]
[Date "2016.03.17"]
[Round "6"]
[White "Dwilewicz, Agata"]
[Black "Kostecka, Marika"]
[Result "1-0"]
[WhiteElo "1813"]
[BlackElo "1775"]
[PlyCount "73"]
[EventDate "2016.03.13"]
[EventType "swiss"]
[EventRounds "9"]
[EventCountry "POL"]
[SourceTitle "EXT 2018"]
[Source "ChessBase"]
[SourceDate "2017.10.13"]
[SourceVersion "1"]
[SourceVersionDate "2017.10.13"]
[SourceQuality "1"]

1. e4 c5 2. Nf3 d6 3. d4 cxd4 4. Nxd4 Nf6 5. Nc3 a6 6. h3 e6 7. g4 d5 8. exd5 Nxd5 9. Nde2 Bb4 10. Bg2 0-0 11. 0-0 Nxc3 12. Nxc3 Qc7 13. Qf3 Nc6 14. Rd1 Bxc3 15. Qxc3 e5 16. Be3 Be6 17. Qc5 Rac8 18. Qb6 Qxb6 19. Bxb6 Nd4 20. c3 Ne2+ 21. Kh2 Nf4 22. Bf3 Rfe8 23. Rd6 Re7 24. Rad1 h6 25. Bd8 Re8 26. Bxb7 Rb8 27. Bc6 Rf8 28. b3 Ne2 29. Ba5 Nf4 30. Re1 f6 31. Re4 g5 32. Rxf4 exf4 33. Rxe6 Kg7 34. c4 Rh8 35. Bc3 Rbf8 36. Bd5 Rhg8 37. Re7+ 1-0

[Event "Marianske Lazne op 14th"]
[Site "Marianske Lazne"]
[Date "2015.01.22"]
[Round "7"]
[White "Dwilewicz, Agata"]
[Black "Krajinski, Lutz"]
[Result "1/2-1/2"]
[WhiteElo "1535"]
[BlackElo "1733"]
[PlyCount "78"]
[EventDate "2015.01.17"]
[EventType "swiss"]
[EventRounds "9"]
[EventCountry "CZE"]
[SourceTitle "CBM 164 Extra"]
[Source "ChessBase"]
[SourceDate "2015.03.02"]
[SourceVersion "1"]
[SourceVersionDate "2015.03.02"]
[SourceQuality "1"]

1. e4 c5 2. Nf3 Nc6 3. d4 cxd4 4. Nxd4 Nf6 5. Nc3 e6 6. Ndb5 d6 7. Bf4 e5 8. Bg5 a6 9. Na3 Be7 10. Bxf6 Bxf6 11. Nd5 Be6 12. Nc4 Bxd5 13. Qxd5 Be7 14. c3 Qc7 15. Rd1 0-0 16. Be2 Rad8 17. 0-0 Bg5 18. g3 Ne7 19. Qd3 d5 20. exd5 Rxd5 21. Qc2 Rfd8 22. Rxd5 Rxd5 23. Rd1 Rxd1+ 24. Qxd1 Nf5 25. Qd5 Bf6 26. Bd3 Ne7 27. Qe4 g6 28. Kf1 Bg7 29. f4 f5 30. Qe3 Nd5 31. Qe1 e4 32. Be2 Qc5 33. Qd2 b5 34. Ne5 Ne3+ 35. Ke1 Ng2+ 36. Kf1 Ne3+ 37. Ke1 Ng2+ 38. Kf1 Ne3+ 39. Ke1 Ng2+ 1/2-1/2

[Event "POL-chT U19 2nd League"]
[Site "Szczyrk"]
[Date "2014.07.30"]
[Round "8.65"]
[White "Ziemba, Magdalena"]
[Black "Dwilewicz, Agata"]
[Result "1-0"]
[WhiteElo "1589"]
[BlackElo "1540"]
[PlyCount "59"]
[EventDate "2014.07.25"]
[EventType "team-swiss"]
[EventRounds "11"]
[EventCountry "POL"]
[SourceTitle "EXT 2015"]
[Source "ChessBase"]
[SourceDate "2014.11.20"]
[SourceVersion "1"]
[SourceVersionDate "2014.11.20"]
[SourceQuality "1"]
[WhiteTeam "Gorlice GKSz Kornuty U19"]
[BlackTeam "Wroclaw KS Polonia U19 II"]
[WhiteTeamCountry "POL"]
[BlackTeamCountry "POL"]

1. d4 d5 2. c4 c6 3. Nc3 dxc4 4. e3 b5 5. Nxb5 cxb5 6. Qf3 Qc7 7. Qxa8 Bd7 8. Qe4 c3 9. Qc2 b4 10. bxc3 bxc3 11. Ne2 e6 12. Qxc3 Nc6 13. Ba3 Bxa3 14. Qxa3 Nge7 15. Rc1 0-0 16. Nc3 f5 17. Be2 f4 18. 0-0 Nf5 19. d5 exd5 20. Nxd5 Qe5 21. Nxf4 Re8 22. Rfd1 Nb8 23. Qxa7 Bc6 24. Rc5 Qf6 25. Bc4+ Kh8 26. Nh5 Qg6 27. Nf4 Qg4 28. Be2 Qg5 29. Qf7 Nd6 30. Qxe8+ 1-0